000 00523nam a2200181Ia 4500
999 _c16898
_d16898
003 OSt
005 20200606120027.0
008 190216s9999||||xx |||||||||||||| ||und||
020 _a9788190893053
040 _cMESKC library
082 _a891.433
_bDUT/B
100 _aDatha,Yekatha
_9382
245 0 _aBhudhivardak Kahaniyan /
_cYekatha Datha
260 _bDatha Sahithya Samasthan,
_c2012.
_aNew Delhi:
300 _a172p
650 _aHindi
942 _cBK
_2ddc
_h891.433
_iDUT/B
_k891.433
_mDUT/B